Historical Flags of Iran - Statistics

General Stats
  • This quiz has been taken 20 times
  • The average score is 5 of 48
Answer Stats
Picture Hint Answer % Correct
Islamic Republic of Iran 1980
75%
Islamic Republic of Iran 1980
75%
Islamic Republic of Iran 1979
67%
Soviet Socialist Republic of Iran 1920
50%
Constitutional Monarchy of Iran under Pahlavi Dynasty 1925
33%
Iran 1925
33%
Iran 1910
25%
Qajar Dynasty 1848
17%
Qajar Dynasty 1852
17%
Qajar Dynasty 1886
17%
Shahdad Standard 2400 BC
17%
Safavid Dynasty 1576
8%
Nader Shah 1736
8%
Nader Shah 1736
8%
Afsharid Dynasty 1747
8%
Afsharid Dynasty 1747
8%
Afsharid Dynasty 1747
8%
Qajar Dynasty 1789
8%
Qajar Dynasty 1789
8%
Mihranid Dynasty 330
8%
Achaemenid Empire 559 BC
8%
Achaemenid Empire 559 BC
8%
Ghaznavid Dynasty 1002
0%
Ghaznavid Dynasty 1031
0%
Seljuk Empire 1037
0%
Nizari Ismaili State 1090
0%
Khwarazmian Empire 1097
0%
Nizari Ismaili State 1162
0%
Ilkhanate 1258
0%
Jalayirid Sultanate 1335
0%
Qara Qoyunlu 1374
0%
Timurid Empire 1384
0%
Timurid Empire 1405
0%
Aq Qoyunlu 1452
0%
Elymais Emblem 147 BC
0%
Safavid Dynasty 1502
0%
Safavid Dynasty 1524
0%
Afsharid Navy 1734
0%
Zand Dynasty 1751
0%
Zand Dynasty 1751
0%
Zand Dynasty 1751
0%
Qajar Dynasty 1797
0%
Sasanian Empire 224
0%
Samanid Empire 819
0%
Shirvanshah 861
0%
Alid Dynasties of Northern Iran 864
0%
Ghurid Dynasty 879
0%
Buyid Dynasty 945
0%
No matching quizzes found
Score Distribution
Percent of People with Each Score
Percentile by Number Answered
Your Score History
You have not taken this quiz